<The> EU's interests and instruments vis-à-vis its neighbors
Otázka vývoja susedskej politiky Európskej únie, obzvlášť k východným susedom EÚ. Záujmy EÚ. Nástroje EÚ. Európska susedská politika (ENP). Tematický prístup. Je potreba rozlišovania východnej a južnej dimenzie ENP? Len transparentnosť môže vytvoriť dôveru medzi Európskou úniou a členskými štátmi.
Salvato in:
| Autore principale: | |
|---|---|
| Natura: | Capitolo di libro |
| Lingua: | inglese |
| Soggetti: | |
| Tags: |
Nessun Tag, puoi essere il primo ad aggiungerne!!
|
MARC
| LEADER | 00000naa$a2200000$$$4500 | ||
|---|---|---|---|
| 001 | 0057118 | ||
| 005 | 20231009112044.0 | ||
| 041 | 0 | |a eng | |
| 044 | |a SK | ||
| 245 | 1 | 0 | |a <The> EU's interests and instruments vis-à-vis its neighbors |c Tuula Yrjölä |
| 520 | |a Otázka vývoja susedskej politiky Európskej únie, obzvlášť k východným susedom EÚ. Záujmy EÚ. Nástroje EÚ. Európska susedská politika (ENP). Tematický prístup. Je potreba rozlišovania východnej a južnej dimenzie ENP? Len transparentnosť môže vytvoriť dôveru medzi Európskou úniou a členskými štátmi. | ||
| 610 | 2 | 0 | |a politika zahraničná |
| 610 | 2 | 0 | |a Európska únia |
| 610 | 2 | 0 | |a krajiny tranzitívne |
| 610 | 2 | 0 | |a východná Európa |
| 100 | 1 | |a Yrjölä, Tuula | |